| 000 | 00000nas##2200000za#4500 |
| 001 | 9.504186 |
| 003 | CaOODSP |
| 005 | 20210507160751 |
| 007 | cr ||||||||||| |
| 008 | 150406c2000||||xxc|| p o||||f| |0fre|d |
| 040 | |aCaOODSP|bfre |
| 043 | |an-cn--- |
| 086 | 1 |aCW70-19F-PDF |
| 110 | 2 |aService canadien de la faune. |
| 245 | 10|aRapport annuel ... inventaire en hélicoptère du Plan conjoint sur le Canard noir au Québec |h[ressource électronique] |
| 260 | |aSainte-Foy - Québec : |bEnvironnement Canada. |
| 310 | |aAnnuel |
| 362 | 1 |a2000--2003 |
| 691 | 07|aEnquête|2gcpds |
| 691 | 07|aOiseau aquatique|2gcpds |
| 691 | 07|aPopulation animale|2gcpds |
| 775 | 08|tAnnual report, ... Black Duck Joint Venture helicopter survey in Québec |w(CaOODSP)9.507806 |